Statistics for Biggest Cities in Bahia

Click here to take the quiz!

General Stats

  • This quiz has been taken 35 times
  • The average score is 13 of 25

Answers on the Map

Answers color-coded by a green-red scale on the quiz's map according to % correct below.
 

Answer Stats

PopulationCity% Correct
2,885,910Salvador
94%
568,400Feira de Santana
82%
141,340Barreiras
76%
177,180Juazeiro
76%
134,790Ilhéus
71%
208,440Itabuna
71%
201,640Lauro de Freitas
71%
123,540Porto Seguro
71%
305,410Vitória da Conquista
71%
290,530Camaçari
65%
151,780Teixeira de Freitas
65%
82,330Luís Eduardo Magalhães
59%
106,650Eunápolis
47%
102,120Paulo Afonso
47%
143,310Jequié
41%
121,710Simões Filho
41%
133,110Alagoinhas
35%
77,510Dias d'Ávila
35%
89,230Santo Antônio de Jesus
29%
70,580Valença
29%
67,400Guanambi
24%
61,440Senhor do Bonfim
24%
67,790Irecê
18%
79,920Candeias
12%
74,550Itapetinga
6%

Score Distribution

Percentile by Number Answered

Percent of People with Each Score

Your Score History

You have not taken this quiz